000 00671nam a2200253 i 4500
001 C2-0327706
003 PPAK
005 20180728125259.0
008 140709s2008 my |||| ||||| | may d
020 _a9789836298720
040 _aPPAK
_beng
_cPPAK
_erda
082 0 4 _a899.233
_223
090 0 0 _a899.233
_bZUL
_dG
100 0 _aZulkifli Khair,
_eauthor
245 1 0 _aMeniti batas
264 1 _aKuala Lumpur :
_bDewan Bahasa dan Pustaka ,
_c2008
300 _a278 pages ;
_c19 cm
336 _2rdacontent
_atext
337 _2rdamedia
_aunmediated
338 _2rdacarrier
_avolume
500 _aIncludes glossary
650 1 0 _aMalay fiction.
942 _ddc
_cB
999 _c127240
_d127240